Quizzes
Events
Quiz Creation
Community
Videos
Private Events
Remove Ads
Sign In
Join for FREE
Feedback
Dark Mode
Quiz Categories
Sports
Geography
Music
Movies
Television
Just For Fun
Miscellaneous
History
Literature
Language
Science
Gaming
Entertainment
Religion
Holiday
For Kids
Quiz Lab
Recent
Popular Today
Quiz Kudos Today
Editor Picks
Curator Picks
Quizzes by...
Day
Popularity
Type
Ratings
Length
Year
Community
Subscriptions
Recent Discussions
Orange Saloon
Badges
Playlists
Quests
Create
Leaderboards
Showdown
Live 5
Trivia Bingo
Activity
Puzzle Library
Sporcle Events
Private Events
Virtual Trivia
Globe League
Become a Host
Pub Owners
SporcleCon
Opinionation
Our Games
Videos
Blog
Mobile Apps
Partnerships
Remove Ads and Go Orange
Feedback
Television
TV Characters
TV Show
Sitcom
Network
Friends
Reality Shows
Cast
South Park
Star Trek
The Simpsons
Doctor Who
Television
TV Characters
TV Show
Sitcom
Network
Friends
Reality Shows
Cast
South Park
Star Trek
The Simpsons
Doctor Who
Random Quiz
Search Sporcle
×
Quiz Lab
Quiz Lab
Television
Cartoons
Type in answers that appear in a list
Type in answers that appear in a list
Classic
Best Score? Go Orange.
Spongebob Seasons 1-3 Part 2 Stats
How well do you know Spongebob Seasons 1-3?
By
sweisb129
10m
20 Questions
223 Plays
223 Plays
223 Plays
Comments
Comments
Give Quiz Kudos
Give Quiz Kudos
-
- Ratings
hide this ad
Replay
Link that replays current quiz
Next Quiz
Link to next quiz in quiz playlist
You Got
0%
They Got
Avg Score
61%
Avg Friend Score
Upgrade to see
Score Distribution
Jump to the score distribution portion of the page
Score
0/20
Timer
10:00
0
Plays Today
Hint
Answer
% Correct
Where does Sandy come from originally
Texas
99.6%
Who says, You're going to interrogate my blender? You're crazy.'
Mr. Krabs
80.3%
When Spongebob and Sandy practice karate, what color is Spongebob's head gear?
Red
78.9%
Who says, 'The inner machinations of my mind are an enigma'?
Patrick
78.5%
In the episdode 'Idiot Box' Spongebob and Patrick order a _
_
_
_
_
_
_
_
but only play with the box
Television
75.8%
What meal does Karen cook for Plankton in the episode 'The Algaes always Greener?'
Holographic Meatloaf
73.1%
What object does Patrick throw at Clamu to wake it from its slumber?
Peanut
69.1%
Who teaches Spongebob how to tie his shoes?
Gary
69.1%
How much do Spongebob and Patrick charge to blow a bubble?
25 cents
68.2%
In the episode 'Big Pink Loser' Spongebob helps Patrick open a _
_
_
_
_
_
_
Jar
65%
Hint
Answer
% Correct
In what episode does an overinflated Spongebob roll over and destroy the Krusty Krab?
Suds
64.6%
In what year of elementary school might you study Wumbology, the study of wumbo?
First grade
62.3%
Trying to impress Sandy, Spongebob fails to lift two _
_
_
_
_
_
_
_
Marshmallows
61.4%
F is for frolick through all the flowers, U is for_
_
_
_
_
_
_
Ukulele
58.7%
Spongebob uses what item to replace ice cream in his peanut, onion sundae?
Ketchup
51.1%
Why does it take more than one squirrel to screw in a lightbulb?
Because they're so darn stupid
49.8%
Who says, ' You're nothing but pure evil! Just like the newspaper comics'?
Sandy
43.5%
Who is the Bouncer at the Salty Spitoon?
Reg
42.6%
Spongebob is sent to find a hydrodynamic spatula with port and starboard attachmens and _
_
_
_
_
_
_
_
_
Turbo drive
35.9%
What holiday does Bubble Buddy help Spongebob celebrate?
Leif Ericcson Day
7.6%
Quiz Playlist
Details
Report
Send in Message
Add To Playlist
Classic:
Type in answers that appear in a list
Last Updated: Feb 16, 2017
Quiz Scoreboard
CHALLENGE
Sign Up to Join the Scoreboard
Show All
Scores
Hide
Comments
May contain spoilers
Recently Published
Billboard Blitz: Fleetwood Mac
by CooCooCachoo
Music
15s
Presidents Visiting Landmarks
by Hejman
History
7m
An Introduction to Baseball
by treessimontrees
Sports
5m
More to Explore
Quiz From the Vault
Featured Blog Post
Where Did the Easter Bunny Come From?
hide this ad
You Might Also Like...
Tags
Cartoons Quiz
Cartoon Characters
Classic Cartoons
Nickelodeon
SpongeBob
Today's Top Quizzes in Television
Browse Television
hide this ad
Today's Top Quizzes in Cartoons
Browse Cartoons
Top Contributed Quizzes in Television
1
5-to-1: The Simpsons Families
2
5-to-1: Television Doctors
3
7-to-1: TV Show Settings
4
One Piece Logic Puzzle
5
5-to-1: Streaming Originals
6
Survivor Seasons
7
Survivor Logic Puzzle: Heroes vs. Villains
8
TV Shows by First Names
9
Survivor Season by Logo
10
Survivor Trivia
Explore More
Trending Topics
NBA
Disney
Harry Potter
Kpop
Marvel
Anime
Crossword
WWE
Song
The Office
Puzzle
Pokémon
Country
NFL
Soccer
hide this ad
More By:
sweisb129
Quiz
Plays
Rating
Category
Featured
Created
Spoongebob Seasons 1-3
367
5.00
Television
Feb 4, 2015
Spongebob Seasons 1-3 Part 2
223
5.00
Television
Feb 10, 2015
Very Random Trivia
57
3.50
Miscellaneous
May 14, 2013
Go to Creator's Profile
Score Distribution
Quiz Creator Spotlight
sweisb129
Follow
Send a Message
Quizzes Created
-
Created Quiz Play Count
-
More By This Creator
Popular Quizzes Today
1
Find the US States - No Outlines Minefield
2
Find the Countries of Europe - No Outlines Minefield
3
The Countries of the World
4
Find the US States
5
US States
6
Risky Map Clicking: Biggest States A-Z
7
Popular People in 1961
8
Movies - When Are They Set?
More Television Quizzes
Game of Thrones: Jorah Mormont Start to Finish
Quiz Lab
Trending Quizzes
Risky Map Clicking: Least Populous States A-Z
1-10 Letter G Words
1-10 Letter F Words
Risky Map Clicking: Next State Alphabetically
Risky Map Clicking: Biggest States A-Z
Recently Updated
Leaping Animals
pecheneg
Reality TV Shows (A-Z)
bhenderson79
Rickey Henderson's Hall of Fame Teammates
pecheneg
Champions League XIs: Arsenal
pecheneg
Quick Pick: Celebrities in WWE's Hall of Fame
aduchscher
A-Z Keypad Blitz II
pecheneg
Multiple Oscar Actors
pecheneg
Mystery Phrase Blitz: Oscar 'Best Actors'
pecheneg
F. Scott Fitzgerald Novels
LTH
Pick 3 Villains
ddd62291
Trending Topics
Marvel
Harry Potter
NBA
Disney
Crossword
Kpop
Anime
WWE
Soccer
Pokémon
The Office
Song
Country
Puzzle
NFL
Your Account Isn't Verified!
In order to create a playlist on Sporcle, you need to verify the email address you used during registration. Go to your
Sporcle Settings
to finish the process.
Report this User
Report this user for behavior that violates our
Community Guidelines
.
Details:
Send Report
Go to the Sporcle.com Mobile Site →
Comments